Pays-Bas au Concours Eurovision de la Chanson - Statistiques

Statistiques générales
  • Ce quiz a été pris 38 fois
    9 depuis la dernière actualisation
  • Le résultat moyen est 11 sur 15
Statistiques - réponses
Questions Réponses % Correct
Pour la dernière fois en quelle année ? 2019
100%
Combien de fois se sont-ils retirés du concours ? 4 (jour national du souvenir et relégations)
100%
Combien de fois ont-ils gagné l'Eurovision ? 5
100%
Combien de fois les Pays-Bas ont-ils terminé à la dernière place ? 5
100%
Depuis quelle année les Pays-Bas participent-ils au concours ? 1956
88%
Combien de fois les Pays-Bas se sont-ils qualifiés à la grande finale depuis la mise en place des demi-finales en 2004 ? 7
88%
Avec quelle chanson et/ou interprète ? Arcade / Duncan Laurence
88%
Et reçu ? Belgique
75%
Il est d'ailleurs rentré dans l'histoire du concours pour être le premier à avoir été... Disqualifié
75%
Qui était le représentant néerlandais au concours en 2024 ? Joost Klein
75%
A quel pays les Pays-Bas ont-ils donné le plus de points en finale depuis 1975 ? Suède
75%
En quelle année la première artiste noire a-t-elle participé au concours ? 1966
63%
Les Pays-Bas, lors de leur premier accueil du concours en 1958, ont terminé à la dernière place. Quelle artiste, ayant gagné l'année précédente, a participé cette année-là ? Corry Brokken
38%
Depuis 2010, quel interprète a obtenu la plus haute place ? (hors victoire) The Common Linnets
25%
Qui a chanté la toute première chanson de l'histoire du concours ? Jetty Paerl
0%
Aucun quiz correspondant
Distribution des résultats
% des personnes avec chaque résultat
Percentile par nombre de réponses
Votre historique - résultats
Vous n’avez pas pris ce quiz depuis la dernière actualisation